| 000 | 00526nam a2200169 i 4500 | ||
|---|---|---|---|
| 001 | 36517 | ||
| 003 | ES-MaACL | ||
| 005 | 20230906155402.0 | ||
| 007 | t| | ||
| 008 | 030218s1912 fr ||||1| fre d | ||
| 100 | 1 |
_aBry, Georges. _932245 |
|
| 245 | 1 | 0 |
_aCours elementaire de legislation industrielle _b: lois du travail et de la prévoyance sociale, questions ouvrières / _cGeorges Bry. |
| 250 | _a5eme ed. | ||
| 260 |
_aMayenne : _b[s.n., _c1912] ( _fCh. Colin) |
||
| 300 |
_a840 p ; _c22 cm. |
||
| 852 |
_aES-MaACL _jF-6594 |
||
| 999 |
_c36517 _d36517 |
||